000 00508nam a2200217Ia 4500
003 OSt
005 20220918192803.0
006 a|||||r|||| 00| 0
007 ta
008 220917b |||||||| |||| 00| 0 eng d
024 _a70,294
037 _cTextual
040 _aARTS
_cARTS
_beng
041 _2eng
_aeng
082 _aR34:Q6, H9
100 _aDe Burgh W G
245 0 _aLife of reason
260 _c1949
942 _hR34:Q6, H9
_cTEXL
_2CC
999 _c196392
_d196392